Příčiny, důsledky a řešení finanční a ekonomické krize : přepis příspěvků z V. konference Evropské fórum podnikání : Praha, Poslanecká sněmovna Parlamentu ČR, 23. září 2009 /

Korporativní autor: NEWTON College
Další autoři: Příčiny, důsledky a řešení finanční a ekonomické krize (konference), Vzdělávací středisko na podporu demokracie
Jazyk: Čeština
Vydáno: Praha : Vzdělávací středisko na podporu demokracie, 2009
Témata:
Fyzický popis: 133 s. : il. ; 21 cm
Knihy
Uloženo v:
LEADER 02027nam a2200481 a 4500
001 001080653
003 CZ BrMZK
005 20110304085815.0
007 ta
008 091221s2009 xr a f 000 0 cze
015 |a cnb002024972 
020 |a 978-80-904281-1-9  |q (brož.) 
035 |a (OCoLC)505915297 
040 |a BOA001  |b cze 
045 |a y0y1 
072 7 |a 336.7  |x Finance  |2 Konspekt  |9 4 
080 |a 336.7:338.124.4  |2 MRF 
080 |a 338.124.4  |2 MRF 
080 |a 338.124.2  |2 MRF 
080 |a 336  |2 MRF 
080 |a 336.1/.5  |2 MRF 
080 |a 338.2  |2 MRF 
080 |a (048.8)  |2 MRF 
111 2 |a Příčiny, důsledky a řešení finanční a ekonomické krize (konference)  |d (2009 :  |c Praha, Česko)  |7 mzk2010508255 
245 1 0 |a Příčiny, důsledky a řešení finanční a ekonomické krize :  |b přepis příspěvků z V. konference Evropské fórum podnikání : Praha, Poslanecká sněmovna Parlamentu ČR, 23. září 2009 /  |c pořádané NEWTON College a Vzdělávacím střediskem na podporu demokracie 
260 |a Praha :  |b Vzdělávací středisko na podporu demokracie,  |c 2009 
300 |a 133 s. :  |b il. ;  |c 21 cm 
580 |a Monograficky zpracované č. seriálu: Evropské fórum podnikání, 2009 
648 4 |a 2007-2009 
650 0 7 |a finanční krize  |7 ph257893  |y 2001-2010  |2 czenas 
650 0 7 |a hospodářská krize  |7 ph120819  |y 2001-2010  |2 czenas 
650 0 7 |a hospodářská recese  |7 ph120009  |y 2001-2010  |2 czenas 
650 0 7 |a finance  |7 ph114548  |2 czenas 
650 0 7 |a veřejné finance  |7 ph127079  |2 czenas 
650 0 7 |a hospodářská politika  |7 ph114701  |2 czenas 
655 7 |a studie  |7 fd133597  |2 czenas 
710 2 |a NEWTON College  |7 kn20070309012 
710 2 |a Vzdělávací středisko na podporu demokracie  |7 ko2002103624 
787 1 8 |t Evropské fórum podnikání 
910 2 |a BOA001  |b 4-1153.746 
990 |a BK 
991 |b 201001  |c NOV 
996 6 |b 2610396724  |c 4-1153.746  |d 2009  |v 2009  |y 2009  |l MZK  |r Sklad / do 1 hodiny  |n 14  |p p.v.; zprac. i mongr.  |w 000804483  |u 000070  |a 1  |e BOA001  |j MZK50  |s P